#Trans : an anthology about transgender and nonbinary identity online /
#Trans is an essay collection featuring the works of twenty transgender and nonbinary writers as they share their experiences with online communities, video games, and dating apps--among other technologies. Each author's experience of their identity breaks away from the typical transgender narr...
Saved in:
| Other Authors: | |
|---|---|
| Format: | Book |
| Language: | English |
| Published: |
[North Charleston, South Carolina] :
[CreateSpace Independent Publishing Platform],
2017.
|
| Subjects: | |
| Tags: |
Add Tag
No Tags, Be the first to tag this record!
|
| LEADER | 02323cam a2200349Ii 4500 | ||
|---|---|---|---|
| 001 | 13077607 | ||
| 005 | 20180301115200.0 | ||
| 008 | 170418s2017 scua b 000 0 eng d | ||
| 020 | |a 9781543175882 |q (pbk.) | ||
| 020 | |a 1543175880 |q (pbk.) | ||
| 035 | |a (OCoLC)982697791 | ||
| 035 | |a (POOF2)12240 | ||
| 035 | |a (NNC)13077607 | ||
| 040 | |a HVC |b eng |e rda |c HVC |d HVC |d OCLCF |d LSD |d TXI | ||
| 082 | 0 | 4 | |a 306.768 |2 23 |
| 090 | |a HQ77.9 |b .T713 2017 | ||
| 245 | 0 | 0 | |a #Trans : |b an anthology about transgender and nonbinary identity online / |c edited by Evelyn Deshane. |
| 264 | 1 | |a [North Charleston, South Carolina] : |b [CreateSpace Independent Publishing Platform], |c 2017. | |
| 300 | |a 203 pages : |b illustrations ; |c 23 cm. | ||
| 336 | |a still image |b sti |2 rdacontent | ||
| 336 | |a text |b txt |2 rdacontent | ||
| 337 | |a unmediated |b n |2 rdamedia | ||
| 338 | |a volume |b nc |2 rdacarrier | ||
| 500 | |a Publishing information from Amazon.com. | ||
| 504 | |a Includes bibliographical references. | ||
| 520 | |a #Trans is an essay collection featuring the works of twenty transgender and nonbinary writers as they share their experiences with online communities, video games, and dating apps--among other technologies. Each author's experience of their identity breaks away from the typical transgender narrative that is predominantly hung up on surgery and medical intervention. While that aspect is still a part of the story for some of these writers, surgery has never been the sole inspiration which pushes these writers forward. Whether it was the love of a particular movie, the desire to share a feeling on social media, or a song they couldn't get out of their heads, these twenty writers' experiences of their identity have been shaped by media, technology, and the internet. And now, #Trans is ready to share with all of you. Authors include YouTuber Skylar Kergil, academic Evelyn Deshane, Latinx writer Ariel Estrella, micro-memoirist Erika D. Price, anthropologist Harlow Figa, poet mud howard, LGBTQ romance author J.K. Pendragon, and many more. | ||
| 650 | 0 | |a Online identities. | |
| 650 | 7 | |a Transgender people |x Identity. |2 fast |0 (OCoLC)fst01766527 | |
| 650 | 0 | |a Transgender people |x Identity. | |
| 650 | 7 | |a Online identities. |2 fast |0 (OCoLC)fst01740515 | |
| 700 | 1 | |a Deshane, Evelyn, |e editor. | |
| 852 | 0 | 0 | |b glx |h HQ77.9 |i .T713 2017g |


